| 000 | 00959nac a22002411u 4500 | ||
|---|---|---|---|
| 008 | 100907t xxu||||| |||| 00| 0 eng d | ||
| 010 | _a2003008206 | ||
| 020 | _a1584502940 (alk. paper) | ||
| 082 | 0 | 0 |
_a006.6869 _bL5663 |
| 100 |
_aLengyel, Eric. _918552 |
||
| 245 | 1 | 4 |
_aThe OpenGL extensions guide / _cEric Lengyel. |
| 250 | _a1st ed. | ||
| 260 |
_aHingham, Mass. : _bCharles River Media, _cc2003. |
||
| 300 |
_axiii, 670 p. ; _c25 cm. |
||
| 490 | 1 |
_aGraphics series _918553 |
|
| 500 | _aIncludes indexes. | ||
| 650 | 0 |
_aComputer graphics. _918554 |
|
| 650 | 0 |
_aComputer games _xProgramming. _918555 |
|
| 830 | 0 |
_aCharles River Media graphics. _918556 |
|
| 856 | 4 | 1 |
_3Table of contents _uhttp://www.loc.gov/catdir/toc/ecip042/2003008206.html |
| 942 |
_cBB _k006.6869L5663 _2ddc |
||
| 999 |
_c679 _d679 |
||